00428nam a2200169Ia 4500003000400000008004100004040001600045082001300061100001700074245004700091260004200138300001000180650001500190650001200205650001900217650002200236GCL140319s9999 xx 000 0 eng d aGCL / cGCL04a843bS S1 aSOLE, ROBERT10aLE SEMAPHARE D'ALEXANDRIA / cSOLE, ROBERT a[S.N] : bEDITIONS DU SEUIL ، c1992 a347 P04aLITERATURE04aFICTION04aFRENCH FICTION04aFRENCH LITERATURE